00721nam a2200217Ia 4500008004100000020002200041050001600063050000900079100002300088245002400111245003800135260002300173260003100196300001600227300001100243650003300254650004200287650004000329999001900369952011500388180523s9999 xx 000 0 und d a978-81-7245-455-5 aREF PC 4112 b.A38 aAgundez, Diego A.  0aSpanish made easy / 0cby Diego A. Agundez, Rashmi Varma aNew Delhi, India : bGoodwill Publishing House, a198 pages : c22 cm. aSpanish language -- Grammar. aSpanish language -- Self-instruction. xSpanish language -- Spoken Spanish. c357884d357884 001040aSMCbSMCcREFd2017-02-14g444.60l0oREF PC 4112 .A38pSMC06092r2018-05-23 00:00:00w2018-05-23yBK